<?xml version="1.0" encoding="UTF-8"?><?xml-stylesheet type="text/xsl" href="static/style.xsl"?><OAI-PMH xmlns="http://www.openarchives.org/OAI/2.0/" xmlns:xsi="http://www.w3.org/2001/XMLSchema-instance" xsi:schemaLocation="http://www.openarchives.org/OAI/2.0/ http://www.openarchives.org/OAI/2.0/OAI-PMH.xsd"><responseDate>2026-04-13T04:12:32Z</responseDate><request verb="GetRecord" identifier="oai:www.recercat.cat:10230/47748" metadataPrefix="marc">https://recercat.cat/oai/request</request><GetRecord><record><header><identifier>oai:recercat.cat:10230/47748</identifier><datestamp>2025-12-22T13:33:58Z</datestamp><setSpec>com_2072_6</setSpec><setSpec>col_2072_452952</setSpec></header><metadata><record xmlns="http://www.loc.gov/MARC21/slim" xmlns:dcterms="http://purl.org/dc/terms/" xmlns:xsi="http://www.w3.org/2001/XMLSchema-instance" xmlns:doc="http://www.lyncode.com/xoai" xsi:schemaLocation="http://www.loc.gov/MARC21/slim http://www.loc.gov/standards/marcxml/schema/MARC21slim.xsd">
   <leader>00925njm 22002777a 4500</leader>
   <datafield ind2=" " ind1=" " tag="042">
      <subfield code="a">dc</subfield>
   </datafield>
   <datafield ind2=" " ind1=" " tag="720">
      <subfield code="a">Potapov, Ilya</subfield>
      <subfield code="e">author</subfield>
   </datafield>
   <datafield ind2=" " ind1=" " tag="720">
      <subfield code="a">García Prat, Laura</subfield>
      <subfield code="e">author</subfield>
   </datafield>
   <datafield ind2=" " ind1=" " tag="720">
      <subfield code="a">Ravichandran, Srikanth</subfield>
      <subfield code="e">author</subfield>
   </datafield>
   <datafield ind2=" " ind1=" " tag="720">
      <subfield code="a">Muñoz Cánoves, Pura, 1962-</subfield>
      <subfield code="e">author</subfield>
   </datafield>
   <datafield ind2=" " ind1=" " tag="720">
      <subfield code="a">del Sol, Antonio</subfield>
      <subfield code="e">author</subfield>
   </datafield>
   <datafield ind2=" " ind1=" " tag="260">
      <subfield code="c">2021-06-03T07:10:48Z</subfield>
   </datafield>
   <datafield ind2=" " ind1=" " tag="260">
      <subfield code="c">2021-06-03T07:10:48Z</subfield>
   </datafield>
   <datafield ind2=" " ind1=" " tag="260">
      <subfield code="c">2022</subfield>
   </datafield>
   <datafield ind2=" " ind1=" " tag="520">
      <subfield code="a">The stem cell niche is a specialized microenvironment for stem cells in an adult tissue. The niche provides cues for the maintenance and regulation of stem cell activities and thus presents a target for potential rejuvenating strategies. García-Prat et al. found that in the heterogeneous population of quiescent stem cells of skeletal muscles, a fraction of cells responsible for regeneration and having genuine &amp;apos;stemness&amp;apos; properties deteriorates only in extremely old age. An essential tool used in this analysis of stem cell-niche interactions is the computational tool, NicheHotSpotter, which proved to be instrumental for identifying niche and cell signalling factors that contribute to the maintenance of the pool of genuine quiescent stem cells. NicheHotSpotter predicts candidate factors by analysing signalling interactome and gene regulatory network data in combination with expression profiles. The effect of the niche environment on stem cells is modelled as a mean field of niche cues that induce sustained activation or inhibition of signalling pathways. In this way, NicheHotSpotter has been successful in delineating novel strategies to enhance stemness, which may rejuvenate skeletal muscle cells at the extreme old age.</subfield>
   </datafield>
   <datafield ind2=" " ind1=" " tag="520">
      <subfield code="a">IP, SR and ADS acknowledge funding from Fonds National de la Recherche Luxembourg, project name InTRinSIC (ref. 11662681). PMC acknowledges funding from MINECO-Spain (RTI2018-096068), ERC-2016-AdG-741966, LaCaixa-HEALTH-HR17-00040, MDA, UPGRADE-H2020-825825, AFM and DPP-Spain to PMC; María-de-Maeztu-Program for Units of Excellence to UPF (MDM-2014-0370); and Severo-Ochoa-Program for Centers of Excellence to CNIC (SEV-2015-0505). LGP was partially supported by an EMBO Fellowship (ALTF 420-2017). Ministerio de Economía y Competitividad.</subfield>
   </datafield>
   <datafield tag="653" ind2=" " ind1=" ">
      <subfield code="a">Ageing</subfield>
   </datafield>
   <datafield tag="653" ind2=" " ind1=" ">
      <subfield code="a">Computational modelling</subfield>
   </datafield>
   <datafield tag="653" ind2=" " ind1=" ">
      <subfield code="a">Limb muscle</subfield>
   </datafield>
   <datafield tag="653" ind2=" " ind1=" ">
      <subfield code="a">Stem cells</subfield>
   </datafield>
   <datafield tag="653" ind2=" " ind1=" ">
      <subfield code="a">Tissue regeneration</subfield>
   </datafield>
   <datafield ind2="0" ind1="0" tag="245">
      <subfield code="a">Computational modelling of stem cell-niche interactions facilitates discovery of strategies to enhance tissue regeneration and counteract ageing</subfield>
   </datafield>
</record></metadata></record></GetRecord></OAI-PMH>